Deutsche Literaturgeschichte : (Rekord nr 50432)
| 000 -ETYKIETA REKORDU | |
|---|---|
| podpole kontrolne o stałej długości | 00848nam a2200241 i 4500 |
| 001 - NUMER KONTROLNY REKORDU | |
| pole kontrolne | bgj |
| 020 ## - MIĘDZYNARODOWY ZNORMALIZOWANY NUMER KSIĄŻKI - ISBN | |
| ISBN | 3590120061 |
| 040 ## - ŹRÓDŁO KATALOGOWANIA | |
| Instytucja, która utworzyła rekord | BPK |
| 041 0# - KOD JĘZYKA | |
| Kod języka tekstu | ger |
| 920 ## - Międzynarodowy znormalizowany numer książki – ISBN | |
| ISBN | 3-590-12006-1 |
| 008 - POLE O STAŁEJ DŁUGOŚCI - DANE KONTROLNE | |
| podpole kontrolne o stałej długości | s gw f |000 0 ger |
| 100 1# - NAZWA OSOBOWA | |
| Nazwa osobowa | JANOTA, Johanes |
| 245 10 - TYTUŁ/ODPOWIEDZIALNOŚĆ | |
| Tytuł | Deutsche Literaturgeschichte : |
| Ciąg dalszy tytułu | Vom Mittelalter bis zum Barock / |
| Pozostałe elementy strefy tytułu i oznaczenia odpowiedzialności | Johannes Janota, Helmut Scheuer, Hans-Georg Kemper. |
| 260 ## - STREFA ADRESU WYDAWNICZEGO | |
| Miejsce wydania | Düsseldorf : |
| Nazwa wydawcy/dystrybutora | Pädagogischer Verlag Schwann, |
| Data publikacji, dystrybucji/powstania dokumentu | 1980. |
| 300 ## - STREFA OPISU FIZYCZNEGO | |
| Objętość | 154 S. ; |
| Rozmiary | 19 cm. |
| 490 1# - STREFA SERII I DOKUMENTU WIELOCZĘŚCIOWEGO - FORMA NIE DO WYSZUKIWANIA | |
| Tytuł i oznaczenie odpowiedzialności serii | Deutsche Literaturgeschichte für die Sekundarstufe II und Studienanfänger |
| 504 ## - UWAGA DOTYCZĄCA BIBLIOGRAFII | |
| Informacje o bibliografii | Bibliographie S. 153-154. |
| 650 #9 - HASŁO PRZEDMIOTOWE W FORMIE NAZWY OGÓLNEJ LUB JEDNOSTKOWEJ | |
| Nazwa ogólna lub geograficzna | Deutsche Literaturgeschichte |
| 700 1# - HASŁO DODATKOWE - NAZWA OSOBOWA | |
| Nazwa osobowa | SCHEUER, Helmut. |
| 700 1# - HASŁO DODATKOWE - NAZWA OSOBOWA | |
| Nazwa osobowa | KEMPER, Hans-Georg. |
| 830 ## - HASŁO DODATKOWE SERII LUB DOKUMENTU WIELOCZĘŚCIOWEGO - TYTUŁ UJEDNOLICONY | |
| Tytuł ujednolicony | Deutsche Literaturgeschichte für die Sekundarstufe II und Studienanfänger |
| 856 ## - LOKALIZACJA I DOSTĘP DO ELEKTRONICZNYCH DOKUMENTÓW ZDALNYCH | |
| Link (URL) | http://koha.tu.koszalin.pl/cgi-bin/koha/opac-detail.pl?biblionumber=50432 |
| Tekst linku | Katalog online BPK |
| 942 ## - DODATKOWE ELEMENTY (KOHA) | |
| Typ dokumentu | Książka |
| Wycofany | Status egzemplarza | Uszkodzony | Dostępność | Lokalizacja stała | Lokalizacja bieżąca | Miejsce przechowywania | Sygnatura | Kod kreskowy | Ostatnio wypożyczono | Dział | Typ dokumentu |
|---|---|---|---|---|---|---|---|---|---|---|---|
| Tylko na miejscu | Biblioteka Politechniki Koszalińskiej | Biblioteka Politechniki Koszalińskiej | Czytelnia Wydziałowa ul. Kwiatkowskiego 6e | N 345 | 01580556 | 06.03.2020 | 821.112.2(091) Literatura niemiecka - historia | Książka |
